To Click or Not To Click Quiz Stats

 Plays Quiz Updated Dec 17, 2018

Support Sporcle.
Go Orange.
Score 0/25 Timer 07:00
2 Plays Today
% Correct
question
98.3%
nobler
86.4%
die
84.7%
arrows
84%
mortal
78.4%
dreams
77.6%
perchance
74.1%
Ophelia
74%
rub
73.7%
sweat
70.6%
undiscovered
69.9%
troubles
68.4%
remembered
68.2%
% Correct
traveller
59%
whips
56.8%
pale
55.9%
conscience
55.4%
oppressor
53.7%
consummation
42.4%
calamity
38.3%
puzzles
36.8%
insolence
33.1%
currents
31.7%
quietus
27.8%
merit
27.3%

From the Vault

Top Countries of Naturalized US Citizens

by folio1701

In America, most of us came from somewhere else.
Remove Ads.
Support Sporcle.
Get the best of Sporcle when you Go Orange. This ad-free experience offers more features, more stats, and more fun while also helping to support Sporcle. Thank you for becoming a member.

Show Comments

Extras

Top Quizzes Today


Score Distribution

Your Account Isn't Verified!

In order to create a playlist on Sporcle, you need to verify the email address you used during registration. Go to your Sporcle Settings to finish the process.

Report this User

Report this user for behavior that violates our Community Guidelines.

Details: